000 00869nas a2200277 4500
001 BR2013000860
003 BR-BrBNA
005 20231205121901.0
007 ta
008 230509b bl.|||p| |||| 00| 00por d
040 _aBR-BrBNA
_bpor
_cBiblioteca Nacional de Agricultura
041 _a(Pt)
072 _aL74
100 1 _aSousa, R.S. de
100 1 _aIrigoyen, L.F.
245 1 _aIntoxicação experimental por Phalaris angusta (Gramineae)em bovinos
246 1 _aExperimental poisoning by Phalaris angusta (Gramineae)in cattle
650 _aBOVINO
650 _aINTOXICAÇÃO
650 _aPLANTA TÓXICA
650 _aGRAMINEAE
650 _aBEZERRO
773 0 _tPesquisa Veterinária Brasileira (Brazil)
_xISSN 0100-736X
_g(Jul-Dec 1999), v. 19(3/4) p. 116-122
_wBR2013000860
909 _a202311
_bLúcia
_c55
_dLúcia Elande
942 _2AGRIS
_n0
_cANA
999 _c225742
_d225742